000 03334cam a22006974i 4500
003 PE-LiUPU
005 20250731180149.0
008 150706s2011 mx a rb 000 0 spa d
020 _a9786071505019
035 _a(Sirsi) i9786071505019
040 _aPE-LiUPU
_bspa
_cPE-LiUPU
_erda
049 _aPRUA
082 0 4 _a515
_bZ82
_221
082 0 4 _a515
_bZ77 2011
100 1 _aZill, Dennis G.,
_d1940- ,
_eautor.
245 1 0 _aCálculo de una variable :
_btrascendentes tempranas /
_cDennis G. Zill, Warren S. Wright ; revisión técnica Marlene Aguilar Abalo . [et al.] ; traductores Hugo Villagómez Velázquez y GabrielNagore Cázares.
250 _aCuarta edición.
264 1 _aMéxico, D.F. :
_bMcGraw-Hill,
_c[2011].
300 _axxiv, 546 páginas :
_bilustraciones ;
_c27 centímetros.
336 _atext
_2rdacontent
337 _aunmediated
_2rdamedia
338 _avolume
_2rdacarrier
505 0 _aFunciones -- Límite de una función -- La derivada -- Aplicaciones de la derivada -- Integrales -- Aplicaciones de la integral -- Técnicas de integración -- Ecuaciones diferenciales de primer orden -- Sucesiones y series.
526 _aSEG44
526 _aSEG26
526 _aP159
526 _aP155
526 _aP154
526 _aP153
526 _aP150
526 _aP100
526 _aP31
526 _aP30
526 _aP26
526 _aP25
526 _aP24
526 _aP22
526 _aP15
526 _aP10
541 _g015-0015322;
650 0 4 _aCálculo
_vProblemas, ejercicios, etc.
_95278
650 0 4 _aFunciones
_vProblemas, ejercicios, etc.
650 0 4 _aCálculo
_vLibros de texto.
700 1 _aWright, Warren S.,
_eautor.
700 1 _aAguilar Abalo, Marlene,
_erevisor.
700 1 _aVillagómez Velázquez, Hugo,
_etraductor.
700 1 _aNagore Cázares, Gabriel,
_etraductor.
910 _cbd
_d20120522
910 _cwelc
_d20161025
942 _2ddc
_cBOOK
949 _a515 Z82
_wDEWEY
_c1
_i67223
_lCCODEBUL1
_mBUL
_p43.00
_r0
_sY
_tBOOK
_u2015-7-6
_xINGENIERIA
_zUNKNOWN
_o.STAFF. Colección General
949 _a515 Z77 2011
_wDEWEY
_c1
_iFJ03338
_lCCODEBUJ1
_mBUJ
_p35.50
_r0
_sY
_tBOOK
_u2016-10-25
_xINGENIERIA
_PP25
_0COMPRA
_o.STAFF. Colección General Juliaca
949 _a515 Z77 2011
_wDEWEY
_c2
_iFJ04576
_lCCODEBUJ1
_mBUJ
_p35.50
_r0
_sY
_tBOOK
_u2016-10-25
_xINGENIERIA
_PP25
_0COMPRA
_o.STAFF. Colección General Juliaca
994 _aC0
_bPEPRU
596 _a1 3
999 _a515 Z82
_wDEWEY
_c54812
_i67223
_d54812
_e2019-6-6
_f2021-11-9
_g7
_lCCODEBUL1
_mBUL
_n25
_p43.00
_q1
_r0
_sY
_tBOOK
_u2015-7-6
_xINGENIERIA
_zUNKNOWN
_0COMPRA
_o.STAFF. Colección General
999 _a515 Z82
_wDEWEY
_c2
_i70085
_d2019-6-11
_e2019-6-10
_f2021-11-5
_g7
_lCCODEBUL1
_mBUL
_n19
_p39.00
_q5
_r0
_sY
_tBOOK
_u2015-7-24
_xBIBLIOTECA
_PP24
_0COMPRA
_o.STAFF. Colección General
999 _a515 Z77 2011
_wDEWEY
_c1
_iFJ03338
_d2019-11-13
_e2019-10-16
_f2022-1-19
_g4
_lCCODEBUJ1
_mBUJ
_n18
_p35.50
_q17
_r0
_sY
_tBOOK
_u2016-10-25
_xINGENIERIA
_PP25
_0COMPRA
_o.STAFF. Colección General Juliaca
999 _a515 Z77 2011
_wDEWEY
_c2
_iFJ04576
_d2019-10-1
_e2019-9-29
_f2022-1-19
_g4
_lCCODEBUJ1
_mBUJ
_n13
_p35.50
_q5
_r0
_sY
_tBOOK
_u2016-11-28
_xINGENIERIA
_PP25
_0COMPRA
_o.STAFF. Colección General Juliaca
980 _81
_gALBERTO SANCHEZ Responsable de Automatización